Migrations and Dispersal of Marine Organisms : Proceedings of the 37th European Marine Biology Symposium held in Reykjavík, Iceland, 5-9 August 2002 /

This book represents the Proceedings of the 37th European Marine Biology Symposium, held in Reykjavík, Iceland, 5-9 August 2002. The main themes of the symposium were Migrations and Dispersal of Marine Organisms. These themes are highly relevant today. There is widespread man-aided dispersal (e.g. b...

Full description

Bibliographic Details
Main Author: Jones, M. B.
Corporate Author: SpringerLink (Online service)
Other Authors: Ingólfsson, A., Ólafsson, E., Helgason, G. V., Gunnarsson, K., Svavarsson, J.
Format: eBook
Language:English
Published: Dordrecht : Springer Netherlands, 2003.
Series:Developments in hydrobiology ; 174.
Subjects:
Online Access:Connect to the full text of this electronic book

MARC

Tag First Indicator Second Indicator Subfields
LEADER 00000cam a2200000Mi 4500
001 in00003569613
006 m o d
007 cr mnu---uuaaa
008 130321s2003 ne o 000 0 eng
005 20260421182213.3
020 |a 9789401722766 (electronic bk.) 
020 |a 9401722765 (electronic bk.) 
020 |z 9789048164806 
020 |z 904816480X 
020 |z 9401722765 
035 |a (OCoLC)851372826 
040 |a AU@  |b eng  |e pn  |c AU@  |d GW5XE  |d OCLCQ  |d OCLCF  |d UtOrBLW 
049 |a TXAM 
050 4 |a QH541.5.W3 
050 4 |a QH541.5.F7 
050 4 |a QH541.5.S3 
072 7 |a PSAF  |2 bicssc 
072 7 |a PSP  |2 bicssc 
072 7 |a SCI020000  |2 bisacsh 
072 7 |a SCI039000  |2 bisacsh 
082 0 4 |a 577.6  |2 23 
082 0 4 |a 577.7  |2 23 
100 1 |a Jones, M. B. 
245 1 0 |a Migrations and Dispersal of Marine Organisms :  |b Proceedings of the 37th European Marine Biology Symposium held in Reykjavík, Iceland, 5-9 August 2002 /  |c edited by M.B. Jones, A. Ingólfsson, E. Ólafsson, G.V. Helgason, K. Gunnarsson, J. Svavarsson. 
246 3 |a Proceedings of the 37th European Biology Symposium held in Reykjavík, Iceland, 5-9 August 2002 
264 1 |a Dordrecht :  |b Springer Netherlands,  |c 2003. 
300 |a 1 online resource (xii, 262 pages) 
336 |a text  |b txt  |2 rdacontent 
337 |a computer  |b c  |2 rdamedia 
338 |a online resource  |b cr  |2 rdacarrier 
490 1 |a Developments in Hydrobiology ;  |v 174 
520 |a This book represents the Proceedings of the 37th European Marine Biology Symposium, held in Reykjavík, Iceland, 5-9 August 2002. The main themes of the symposium were Migrations and Dispersal of Marine Organisms. These themes are highly relevant today. There is widespread man-aided dispersal (e.g. by ballast water) of marine plants and animals, which may have substantial effects on the regions receiving new species. The new introductions may result in reduced diversity of plants and animals and may affect natural resources in the countries receiving toxic algae and other foreign elements. Studies of changes in distribution and dispersal of marine animals and plants are also highly relevant with reference to the changing climate taking place. The study of dispersal has recently gained new impetus with the discovery of the remarkable communities found on isolated hydrothermal vents and cold water seeps in the world's oceans. 
500 |a Electronic resource. 
650 0 |a Life sciences. 
650 0 |a Ecology. 
650 0 |a Aquatic biology. 
650 0 |a Evolution (Biology) 
650 7 |a Aquatic biology.  |2 fast  |0 (OCoLC)fst00811975 
650 7 |a Ecology.  |2 fast  |0 (OCoLC)fst00901476 
650 7 |a Evolution (Biology)  |2 fast  |0 (OCoLC)fst00917302 
650 7 |a Life sciences.  |2 fast  |0 (OCoLC)fst00998323 
655 7 |a Electronic books.  |2 local 
700 1 |a Ingólfsson, A. 
700 1 |a Ólafsson, E. 
700 1 |a Helgason, G. V. 
700 1 |a Gunnarsson, K. 
700 1 |a Svavarsson, J. 
710 2 |a SpringerLink (Online service) 
776 1 8 |i Print version:  |z 9789048164806 
830 0 |a Developments in hydrobiology ;  |v 174. 
856 4 0 |u http://proxy.library.tamu.edu/login?url=https://link.springer.com/10.1007/978-94-017-2276-6  |z Connect to the full text of this electronic book  |t 0 
994 |a 92  |b TXA 
999 |a MARS 
999 f f |s b8564d74-e0ab-3fdd-86da-9ea9882345a0  |i 909c755f-76d0-3cba-8df3-d035379b4000  |t 0 
952 f f |a Texas A&M University  |b College Station  |c Electronic Resources  |s www_evans  |d Available Online  |t 0  |e QH541.5.S3  |h Library of Congress classification 
998 f f |a QH541.5.S3  |t 0  |l Available Online